[Event "Halden GP op-A"]
[Site "Halden"]
[Date "2005.09.03"]
[Round "3"]
[White "Nygaard, Timmie"]
[Black "Strand, Christian"]
[Result "1/2-1/2"]
[WhiteElo "1271"]
[BlackElo "1417"]
[PlyCount "83"]
[EventDate "2005.09.02"]
[EventType "swiss"]
[EventRounds "5"]
[EventCountry "NOR"]
[SourceTitle "EXT 2007"]
[Source "ChessBase"]
[SourceDate "2006.11.23"]
[SourceVersion "1"]
[SourceVersionDate "2006.11.23"]
[SourceQuality "1"]

1. d4 Nf6 2. c4 e5 3. d5 Bb4+ 4. Bd2 Bxd2+ 5. Nxd2 d6 6. Ngf3 Bf5 7. g3 0-0 8. Bg2 Re8 9. 0-0 Qd7 10. Re1 Bh3 11. Qc2 Bxg2 12. Kxg2 e4 13. Ng5 Qg4 14. Nh3 Nbd7 15. f3 exf3+ 16. exf3 Qg6 17. Qc3 Ne5 18. Ne4 Nxe4 19. Rxe4 f5 20. Re2 Nd7 21. Rae1 Rxe2+ 22. Rxe2 Re8 23. Rf2 Qf6 24. Qd2 Qe5 25. Qa5 Nc5 26. Qd2 Qe3 27. Qxe3 Rxe3 28. b3 h6 29. Rd2 g5 30. Kf2 Re7 31. Kg2 a5 32. Nf2 Kf7 33. Nd1 Ke8 34. Nc3 Kd7 35. Nb5 Kc8 36. Nd4 Rf7 37. Re2 Kd8 38. Ne6+ Kd7 39. Nxc5+ dxc5 40. Re6 Re7 41. Rxe7+ Kxe7 42. f4 1/2-1/2

[Event "Sandefjord MGP"]
[Site "Sandefjord"]
[Date "2003.10.17"]
[Round "1"]
[White "Strand, Christian"]
[Black "Govatsmark, Konstantin"]
[Result "1-0"]
[WhiteElo "1298"]
[BlackElo "1232"]
[PlyCount "111"]
[EventDate "2003.10.??"]
[EventType "swiss"]
[EventRounds "4"]
[EventCountry "NOR"]
[SourceTitle "EXT 2005"]
[Source "ChessBase"]
[SourceDate "2004.11.15"]
[SourceVersion "1"]
[SourceVersionDate "2004.11.15"]
[SourceQuality "1"]

1. e4 c5 2. Nf3 e6 3. d4 cxd4 4. Nxd4 a6 5. Be3 Nf6 6. f3 Qc7 7. Qd2 Bd6 8. g4 Nc6 9. Nc3 Bb4 10. Nxc6 Bxc3 11. Qxc3 Qxc6 12. Qxc6 bxc6 13. Bc5 d5 14. e5 Nd7 15. Bd6 a5 16. 0-0-0 Ba6 17. Rd4 c5 18. Ra4 Bxf1 19. Rxf1 Nb6 20. Ra3 Nc4 21. Rb3 Nxd6 22. exd6 0-0 23. Rb7 Rfd8 24. d7 Kf8 25. c4 d4 26. Rc7 Ke7 27. Rxc5 Rxd7 28. Rd1 h6 29. f4 g6 30. Kc2 Raa7 31. Kd3 f5 32. h3 Rdb7 33. Rd2 Rd7 34. Rb5 Rdb7 35. Rxb7+ Rxb7 36. Kxd4 Rd7+ 37. Ke3 Rxd2 38. Kxd2 fxg4 39. hxg4 Kd6 40. b3 Kc5 41. Ke3 a4 42. Ke4 a3 43. f5 exf5+ 44. gxf5 gxf5+ 45. Kxf5 Kd4 46. Kg6 Kc3 47. c5 Kb2 48. c6 Kxa2 49. c7 Kxb3 50. c8Q a2 51. Qb7+ Kc2 52. Qc6+ Kb1 53. Qb5+ Ka1 54. Qb3 h5 55. Qc2 h4 56. Qc1# 1-0